Countries With Multiple N’s - Statistics

General Stats
  • This quiz has been taken 35 times
  • The average score is 19 of 25
Answer Stats
Country % Correct
United Kingdom
94%
Afghanistan
84%
Antigua and Barbuda
84%
Finland
84%
Saint Kitts and Nevis
84%
Saint Vincent and the Grenadines
84%
Tanzania
84%
Argentina
81%
Netherlands
81%
New Zealand
81%
Trinidad and Tobago
81%
Turkmenistan
81%
Dominican Republic
78%
Liechtenstein
78%
Bosnia and Herzegovina
75%
Central African Republic
72%
North Macedonia
69%
San Marino
69%
Benin
66%
Indonesia
66%
Lebanon
66%
Montenegro
63%
Papua New Guinea
63%
São Tomé and Principe
63%
Solomon Islands
31%
No matching quizzes found
Score Distribution
Percent of People with Each Score
Percentile by Number Answered
Your Score History
You have not taken this quiz